000 00891nas a2200277 4500
001 BR7701333
003 BR-BrBNA
005 20231205083124.0
007 ta
008 230509b bl.|||p| |||| 00| 00por d
040 _aBR-BrBNA
_bpor
_cBiblioteca Nacional de Agricultura
041 _a(Pt)
072 _aL72
100 1 _aBrust, M.B.
100 1 _aMotta, J.G. da
100 1 _aCaldas, E.M.
100 1 _aJacques, S.A.
245 1 _aLocalizacao de helmintos nos diversos segmentos do intestino delgado de caes (Canis familiaris)na cidade de Salvador, Bahia
650 _aCAO
650 _aVERMINOSE
650 _aINTESTINO DELGADO
650 _aBAHIA
773 0 _tArquivos da Escola de Medicina Veterinaria da Universidade Federal da Bahia (Brazil)
_xISSN 0100-2597
_g(1976), v. 1(1) p. 115-122
_wBR7701333
909 _a202311
_bLúcia
_c55
_dLúcia Elande
942 _2AGRIS
_n0
_cANA
999 _c96557
_d96557